All Incorporated Municipalities of Essex County, Massachusetts - Statistics

General Stats
  • This quiz has been taken 7 times
  • The average score is 22 of 34
Answer Stats
Answer % Correct
Andover
100%
Lawrence
100%
Lynn
100%
Essex
86%
Gloucester
86%
Newbury
86%
Newburyport
86%
Salem
86%
Salisbury
86%
Danvers
71%
Haverhill
71%
Nahant
71%
North Andover
71%
Peabody
71%
Rockport
71%
Saugus
71%
Beverly
57%
Boxford
57%
Ipswich
57%
Manchester-by-the-Sea
57%
Merrimac
57%
Methuen
57%
Rowley
57%
Swampscott
57%
Amesbury
43%
Georgetown
43%
Groveland
43%
Hamilton
43%
Lynnfield
43%
Marblehead
43%
Middleton
43%
Topsfield
43%
Wenham
43%
West Newbury
29%
No matching quizzes found
Score Distribution
Percent of People with Each Score
Percentile by Number Answered
Your Score History
You have not taken this quiz